[Event "MVP-ch Seniors op 19th"]
[Site "Ostseebad Binz"]
[Date "2019.12.04"]
[Round "8"]
[White "Hiby, Harald"]
[Black "Schaefer, Martin1111"]
[Result "1-0"]
[WhiteElo "1796"]
[BlackElo "1938"]
[PlyCount "111"]
[EventDate "2019.11.27"]
[EventType "swiss"]
[EventRounds "9"]
[EventCountry "GER"]
[SourceTitle "EXT 2021"]
[Source "ChessBase"]
[SourceDate "2020.10.23"]
[SourceVersion "1"]
[SourceVersionDate "2020.10.23"]
[SourceQuality "1"]

1. d4 f5 2. c4 Nf6 3. Nc3 d6 4. g3 g6 5. Bg2 Bg7 6. Nf3 0-0 7. 0-0 Qe8 8. e3 e5 9. dxe5 dxe5 10. b3 e4 11. Nd4 Qe7 12. Qc2 c5 13. Nde2 Nc6 14. a3 Be6 15. Bb2 Rad8 16. Rad1 Bf7 17. Rxd8 Rxd8 18. Rd1 Ne5 19. Nf4 g5 20. Nfd5 Nxd5 21. Nxd5 Bxd5 22. cxd5 Nd3 23. Bxg7 Qxg7 24. Bf1 f4 25. Bxd3 exd3 26. Qxd3 f3 27. d6 h6 28. e4 g4 29. Qd5+ Qf7 30. e5 Qxd5 31. Rxd5 Kf7 32. Kf1 b6 33. Rd3 Ke6 34. Re3 Rc8 35. Ke1 c4 36. bxc4 Rxc4 37. Kd2 Rc5 38. Kd3 Rc1 39. Re4 Rd1+ 40. Ke3 h5 41. Rd4 Re1+ 42. Kf4 Kd7 43. Re4 Re2 44. Rd4 b5 45. Kf5 a5 46. Rd3 b4 47. axb4 axb4 48. Rb3 Rxf2 49. Rxb4 Re2 50. Rb7+ Kc8 51. Rc7+ Kd8 52. Ke6 Rd2 53. Rf7 Kc8 54. Rf8+ Kb7 55. d7 f2 56. Rxf2 1-0

[Event "EU-ch Seniors 65 19th"]
[Site "Rhodes"]
[Date "2019.04.14"]
[Round "9"]
[White "Fischer, Johann3333"]
[Black "Hiby, Harald"]
[Result "0-1"]
[WhiteElo "1513"]
[BlackElo "1812"]
[PlyCount "79"]
[EventDate "2019.04.06"]
[EventType "swiss"]
[EventRounds "9"]
[EventCountry "GRE"]
[SourceTitle "CBM 189 Extra"]
[Source "ChessBase"]
[SourceDate "2019.06.03"]
[SourceVersion "1"]
[SourceVersionDate "2019.06.03"]
[SourceQuality "1"]

1. d4 e6 2. e3 d5 3. Nd2 Nf6 4. Bd3 c5 5. c3 Nc6 6. Ne2 Bd6 7. Nf3 0-0 8. Ng3 e5 9. dxe5 Nxe5 10. Nxe5 Bxe5 11. 0-0 Re8 12. Be2 b6 13. Qc2 Bb7 14. b3 Qc7 15. Bb2 c4 16. Rae1 b5 17. b4 Ne4 18. f4 Bf6 19. Nf5 g6 20. Nd4 a6 21. Bg4 Bc8 22. Bf3 Bb7 23. g3 Qb6 24. Rd1 Bg7 25. Kg2 f5 26. h3 Nf6 27. Qd2 Re7 28. g4 Ne4 29. Qc1 Rae8 30. gxf5 Bxd4 31. exd4 gxf5 32. Rg1 Rg7+ 33. Kh2 Ree7 34. Qc2 Qh6 35. Bc1 Qh4 36. Bxe4 fxe4 37. Be3 Bc8 38. Kh1 Qxh3+ 39. Qh2 Qxe3 40. Qh5 0-1